[Event "Fall TNM"]
[Site "San Francisco"]
[Date "2005.12.20"]
[Round "8"]
[White "Livschitz, Louiza"]
[Black "Tuvshintugs, Batchimeg"]
[Result "0-1"]
[WhiteElo "1891"]
[BlackElo "2270"]
[PlyCount "71"]
[EventDate "2005.11.01"]
[EventType "swiss"]
[EventRounds "8"]
[EventCountry "USA"]

1. d4 Nf6 2. c4 g6 3. Nc3 d5 4. cxd5 Nxd5 5. e4 Nxc3 6. bxc3 c5 7. Bc4 Bg7 8.
Be3 O-O 9. Ne2 Nc6 10. O-O Bg4 11. f3 cxd4 12. cxd4 Na5 13. Bxf7+ Rxf7 14. fxg4
Rxf1+ 15. Kxf1 e5 16. d5 Nc4 17. Qd3 Rc8 18. Rc1 b5 19. a4 Nxe3+ 20. Qxe3 bxa4
21. Rxc8 Qxc8 22. Qxa7 Qf8+ 23. Kg1 Bh6 24. h3 a3 25. Nc3 Bg5 26. Qb6 Qf4 27.
Qb8+ Kg7 28. Qa7+ Kh6 29. Qxa3 Qe3+ 30. Kf1 Qd3+ 31. Kg1 Be3+ 32. Kh2 Qf1 33.
Ne2 Qxe2 34. Qf8+ Kg5 35. Qf3 Bf4+ 36. Kg1 0-1

[Event "Fall TNM"]
[Site "San Francisco"]
[Date "2005.12.20"]
[Round "8"]
[White "Margulis, Igor"]
[Black "Perepelitsky, Philipp"]
[Result "1-0"]
[WhiteElo "2200"]
[BlackElo "2111"]
[PlyCount "62"]
[EventDate "2005.11.01"]
[EventType "swiss"]
[EventRounds "8"]
[EventCountry "USA"]

1. e4 d6 2. d4 Nf6 3. Nc3 g6 4. Be3 c6 5. Qd2 Nbd7 6. f3 b5 7. g4 h6 8. h4 Bg7
9. O-O-O Qa5 10. Kb1 b4 11. Nce2 Nb6 12. Nc1 Be6 13. Nh3 Bc4 14. Bg2 Na4 15.
Nb3 Qb5 16. Nf4 Rg8 17. Nd3 a5 18. g5 hxg5 19. hxg5 Nd7 20. f4 Ndb6 21. Rh7
Bxd3 22. cxd3 Nxb2 23. Kxb2 Na4+ 24. Ka1 Nc3 25. Rdh1 Kd7 26. e5 a4 27. Nc1
Rgb8 28. R1h2 b3 29. Bh3+ e6 30. Qxc3 bxa2 31. Rb2 Qd5 1-0

[Event "Fall TNM"]
[Site "San Francisco"]
[Date "2005.12.20"]
[Round "8"]
[White "Nochomovitz, Yigal"]
[Black "Standen, Julian"]
[Result "1-0"]
[WhiteElo "1765"]
[BlackElo "1731"]
[PlyCount "103"]
[EventDate "2005.11.01"]
[EventType "swiss"]
[EventRounds "8"]
[EventCountry "USA"]

1. f4 d5 2. Nf3 Nf6 3. e3 Bg4 4. Be2 e6 5. O-O Be7 6. d3 Bxf3 7. Bxf3 c6 8. Qe1
O-O 9. Nd2 Nbd7 10. Qg3 Qc7 11. e4 e5 12. f5 d4 13. Nb3 Kh8 14. Kh1 c5 15. a4
Rac8 16. Nd2 b6 17. Qh3 a6 18. g4 Rg8 19. Be2 b5 20. g5 Ne8 21. Nf3 g6 22. Nh4
Nd6 23. axb5 axb5 24. Bg4 gxf5 25. Nxf5 Bxg5 26. Bxg5 Rxg5 27. Nxd6 Qxd6 28.
Bxd7 Rcg8 29. Bf5 h6 30. Rg1 Qf6 31. Rg3 Rxg3 32. hxg3 Qg5 33. Rg1 Qe3 34. Qh5
Rg7 35. Kh2 Qf2+ 36. Rg2 Qe3 37. Qh4 c4 38. Qd8+ Rg8 39. Qf6+ Rg7 40. Qxe5 cxd3
41. cxd3 Qg5 42. Qe8+ Rg8 43. Qxf7 Rg7 44. Qe8+ Rg8 45. Qe5+ Rg7 46. Qxd4 Qh5+
47. Bh3 Qg5 48. Qd6 h5 49. Rc2 Rg8 50. Qd4+ Rg7 51. Rc8+ Kh7 52. Bf5+ 1-0

[Event "Fall TNM"]
[Site "San Francisco"]
[Date "2005.12.20"]
[Round "8"]
[White "Purcell, Brendan"]
[Black "Sherwood, Peter"]
[Result "1-0"]
[WhiteElo "1836"]
[BlackElo "1711"]
[PlyCount "97"]
[EventDate "2005.11.01"]
[EventType "swiss"]
[EventRounds "8"]
[EventCountry "USA"]

1. e4 e6 2. d4 d5 3. Nc3 Nf6 4. e5 Nfd7 5. f4 c5 6. Nf3 Nc6 7. Be3 cxd4 8. Nxd4
Bc5 9. Qd2 O-O 10. O-O-O Nxd4 11. Bxd4 a6 12. g4 Bxd4 13. Qxd4 f6 14. Nxd5 fxe5
15. fxe5 Qg5+ 16. Qe3 Qxe3+ 17. Nxe3 Nxe5 18. Bg2 Rf2 19. Rhf1 Rxf1 20. Rxf1
Rb8 21. h3 Bd7 22. Rd1 Kf8 23. Nc4 Nxc4 24. Rxd7 b6 25. Be4 h6 26. Bd3 Ne5 27.
Ra7 Nxd3+ 28. cxd3 a5 29. Kd2 Rc8 30. Rb7 Rc6 31. a4 g5 32. Ke3 Ke8 33. Ke4 Kd8
34. b3 Kc8 35. Rh7 Rc3 36. Rxh6 Kd7 37. Rg6 Rxb3 38. Rxg5 Rb4+ 39. d4 Rxa4 40.
h4 Ra1 41. h5 Re1+ 42. Kf4 Ke7 43. Rb5 Rd1 44. Rxb6 Rxd4+ 45. Kg5 Rd5+ 46. Kg6
a4 47. Ra6 Rd4 48. g5 e5 49. h6 1-0

[Event "Fall TNM"]
[Site "San Francisco"]
[Date "2005.12.20"]
[Round "8"]
[White "Regan, Jack"]
[Black "Hilliard, Michael"]
[Result "1-0"]
[WhiteElo "1555"]
[BlackElo "1435"]
[PlyCount "93"]
[EventDate "2005.11.01"]
[EventType "swiss"]
[EventRounds "8"]
[EventCountry "USA"]

1. Nf3 c6 2. c4 d5 3. d4 Nf6 4. Nc3 Bg4 5. e3 e6 6. cxd5 cxd5 7. Qa4+ Nc6 8.
Ne5 Qb6 9. Bb5 Rc8 10. Qb3 Bd6 11. Bxc6+ bxc6 12. Qxb6 axb6 13. Nxg4 Nxg4 14.
g3 O-O 15. Bd2 Nf6 16. Ke2 b5 17. Rhc1 Nd7 18. Rc2 Rb8 19. Rac1 Rfc8 20. a3 c5
21. dxc5 Rxc5 22. b4 Rc4 23. Nd1 Nb6 24. Nb2 Rxc2 25. Rxc2 Nc4 26. Nxc4 dxc4
27. Bc1 f5 28. Rd2 Rb6 29. Bb2 e5 30. Rd5 g6 31. Bxe5 Bxe5 32. Rxe5 Kf8 33. h4
Kf7 34. f4 h5 35. Kd2 Rd6+ 36. Kc2 Rd3 37. Rxb5 Rxa3 38. Rc5 Rxe3 39. Rxc4 Re6
40. Kd3 Rd6+ 41. Rd4 Ke6 42. Rxd6+ Kxd6 43. Kd4 Kc6 44. Ke5 Kb5 45. Kf6 Kxb4
46. Kxg6 Kc5 47. Kxh5 1-0

[Event "Fall TNM"]
[Site "San Francisco"]
[Date "2005.12.20"]
[Round "8"]
[White "Russell, Joe"]
[Black "Barrera, Jorge"]
[Result "1/2-1/2"]
[WhiteElo "1386"]
[BlackElo "1363"]
[PlyCount "55"]
[EventDate "2005.11.01"]
[EventType "swiss"]
[EventRounds "8"]
[EventCountry "USA"]

1. e4 c5 2. Nf3 Nc6 3. Bb5 g6 4. O-O Bg7 5. c3 d6 6. h3 Bd7 7. d4 cxd4 8. cxd4
Qb6 9. Bxc6 bxc6 10. Nc3 e6 11. Re1 Ne7 12. Re2 O-O 13. Bf4 d5 14. Na4 Qd8 15.
Nc5 dxe4 16. Rxe4 Nd5 17. Ne5 Nxf4 18. Rxf4 Bxe5 19. dxe5 Bc8 20. Rd4 Qb6 21.
Qc2 Rd8 22. Rad1 Rxd4 23. Rxd4 Qa5 24. b4 Qa3 25. Rd8+ Kg7 26. Qd2 Rb8 27. Ne4
Qxb4 28. Qf4 1/2-1/2

[Event "Fall TNM"]
[Site "San Francisco"]
[Date "2005.12.20"]
[Round "8"]
[White "Sainz, Guadalupe"]
[Black "Bukh, Yefim"]
[Result "0-1"]
[WhiteElo "1679"]
[BlackElo "1928"]
[PlyCount "90"]
[EventDate "2005.11.01"]
[EventType "swiss"]
[EventRounds "8"]
[EventCountry "USA"]

1. d4 e6 2. c4 Bb4+ 3. Nc3 Bxc3+ 4. bxc3 f5 5. g3 d5 6. Bg2 c6 7. cxd5 exd5 8.
Nf3 Nf6 9. Ba3 Nbd7 10. O-O Ne4 11. Qc2 Qa5 12. Bb4 Qa6 13. e3 Qc4 14. Rfd1 Qa6
15. Rab1 b5 16. Bf1 Qb6 17. a4 a6 18. h3 Kf7 19. axb5 cxb5 20. Nd2 Re8 21. Kg2
Qc7 22. Nxe4 fxe4 23. Qa2 Nf6 24. Qa3 Qd7 25. Kh2 Qf5 26. Rd2 Bd7 27. Bd6 Qh5
28. Qa5 Re6 29. Bc7 Rc8 30. Be2 Qf5 31. Kg2 Rc6 32. g4 Qg6 33. Bf4 h5 34. g5 h4
35. Kh2 Nh5 36. Bg4 Bxg4 37. hxg4 Nxf4 38. exf4 Qd6 39. Rc2 Qxf4+ 40. Kh3 Qf3+
41. Kh2 h3 42. Rg1 Rxc3 43. Rg3 Qxg3+ 44. fxg3 Rxc2+ 45. Kxh3 Rh8# 0-1

[Event "Fall TNM"]
[Site "San Francisco"]
[Date "2005.12.20"]
[Round "8"]
[White "Salvo, Tab"]
[Black "Parker, Frank"]
[Result "0-1"]
[WhiteElo "1712"]
[BlackElo "1811"]
[PlyCount "94"]
[EventDate "2005.11.01"]
[EventType "swiss"]
[EventRounds "8"]
[EventCountry "USA"]

1. Nf3 Nf6 2. g3 d5 3. c4 e6 4. b3 c5 5. Bg2 Nc6 6. O-O Be7 7. d3 O-O 8. Re1 d4
9. Nbd2 e5 10. a3 Re8 11. Bb2 h6 12. h3 Bf5 13. Kh2 Bh7 14. Ng1 Qc7 15. Qc2
Rad8 16. Rad1 Bf8 17. Ne4 Nxe4 18. dxe4 g5 19. Bc1 Bg7 20. Qd3 Rf8 21. Rf1 Kh8
22. g4 Ne7 23. Kh1 Ng6 24. Nf3 Nf4 25. Bxf4 exf4 26. Rg1 Rfe8 27. Nd2 Bg6 28.
f3 Bf6 29. Bf1 Kg7 30. Rg2 Rh8 31. Rh2 h5 32. Bg2 Be5 33. Rg1 hxg4 34. fxg4 f3
35. Nxf3 Bxh2 36. Nxh2 Rde8 37. Rf1 Rxh3 38. Qxh3 Rh8 39. Qxh8+ Kxh8 40. Kg1
Qe7 41. Kf2 Bxe4 42. Nf3 f6 43. Rh1+ Kg7 44. Rh3 a5 45. Rg3 b6 46. a4 Qd6 47.
Bh3 Qf4 {remainder illegible; B won in a few more moves} 0-1

[Event "Fall TNM"]
[Site "San Francisco"]
[Date "2005.12.20"]
[Round "8"]
[White "Samatra, Mario"]
[Black "Perepelitsky, Edward"]
[Result "0-1"]
[WhiteElo "1900"]
[BlackElo "2125"]
[PlyCount "89"]
[EventDate "2005.11.01"]
[EventType "swiss"]
[EventRounds "8"]
[EventCountry "USA"]

1. d4 Nf6 2. c4 g6 3. Nc3 Bg7 4. e4 d6 5. f4 O-O 6. Nf3 c5 7. d5 e6 8. Be2 exd5
9. cxd5 Re8 10. Nd2 Na6 11. O-O Nc7 12. a4 b6 13. Bf3 Rb8 14. Re1 Ba6 15. Nf1
Nd7 16. Bd2 c4 17. Be3 Nc5 18. Bxc5 bxc5 19. Qc2 Qf6 20. g3 Rxb2 21. Qxb2 Qxc3
22. Qa3 Nxd5 23. Red1 Bd4+ 24. Kh1 Qxa3 25. Rxa3 Nc3 26. Re1 Bf2 27. Rc1 Nxe4
28. Kg2 Bd4 29. Re1 f5 30. Ne3 Rb8 31. Ra2 c3 32. Nc2 Bc4 33. Raa1 Rb2 34. Rac1
Nd2 35. Be2 Bd5+ 36. Kh3 Bf6 37. Ne3 Be6 38. Nc4 Ne4 39. g4 fxg4+ 40. Bxg4 Nf2+
41. Kg3 Nd3 42. Nxb2 cxb2 43. Rb1 Nxe1 44. Bxe6+ Kg7 45. Rxe1 {
remainder illegible; B won in a few more moves} 0-1

[Event "Fall TNM"]
[Site "San Francisco"]
[Date "2005.12.20"]
[Round "8"]
[White "Sanguinetti, George"]
[Black "Ossipov, Victor"]
[Result "1-0"]
[WhiteElo "1941"]
[BlackElo "2166"]
[PlyCount "51"]
[EventDate "2005.11.01"]
[EventType "swiss"]
[EventRounds "8"]
[EventCountry "USA"]

1. c4 e6 2. e4 d5 3. cxd5 exd5 4. exd5 Nf6 5. Bc4 Be7 6. Nc3 O-O 7. Nge2 Nbd7
8. O-O Nb6 9. Qb3 a6 10. a4 {NAM} Bd6 11. Ng3 Re8 12. d3 Ng4 13. Nce4 Rxe4 14.
dxe4 Qh4 15. h3 Nxf2 16. Rxf2 Bxg3 17. Rf3 Bd6 18. Bd2 Bd7 19. Bd3 Be8 20. Bc3
Nd7 21. Raf1 Nc5 22. Qd1 Bxa4 23. Rxf7 Bf8 24. Qf3 Nd7 25. Rxd7 Bc5+ 26. Kh1
1-0

[Event "Fall TNM"]
[Site "San Francisco"]
[Date "2005.12.20"]
[Round "8"]
[White "Starr, Albert"]
[Black "Dupree, Charles"]
[Result "0-1"]
[WhiteElo "1521"]
[BlackElo "1848"]
[PlyCount "70"]
[EventDate "2005.11.01"]
[EventType "swiss"]
[EventRounds "8"]
[EventCountry "USA"]

1. b4 e6 2. Bb2 Nf6 3. b5 d5 4. e3 c5 5. c4 Nbd7 6. Nf3 Be7 7. d3 O-O 8. Be2 b6
9. O-O Bb7 10. Nbd2 Qc7 11. a4 Rfd8 12. Ra2 e5 13. Qa1 d4 14. exd4 exd4 15. a5
Rac8 16. a6 Ba8 17. Re1 Bd6 18. Bf1 Re8 19. g3 Ne5 20. Ng5 Qe7 21. f4 Nfg4 22.
fxe5 Qxg5 23. Ne4 Bxe4 24. Rxe4 Bxe5 25. Bc1 Qh5 26. Rae2 f5 27. h3 fxe4 28.
hxg4 Qxg4 29. Rg2 e3 30. Be2 Qh3 31. g4 Rf8 32. Ba3 Rf2 33. Bf1 e2 34. Rxf2
Qg3+ 35. Bg2 Qh2# 0-1

[Event "Fall TNM"]
[Site "San Francisco"]
[Date "2005.12.20"]
[Round "8"]
[White "Stephenson, Lloyd"]
[Black "Robbins, Chuck"]
[Result "0-1"]
[WhiteElo "1782"]
[BlackElo "1577"]
[PlyCount "100"]
[EventDate "2005.11.01"]
[EventType "swiss"]
[EventRounds "8"]
[EventCountry "USA"]

1. Nf3 d5 2. g3 Nf6 3. Bg2 e6 4. d3 c5 5. O-O Nc6 6. Nc3 Be7 7. e4 O-O 8. Re1
a6 9. a4 d4 10. Ne2 e5 11. Nh4 Re8 12. Nf5 Bf8 13. f4 g6 14. Nh4 exf4 15. Bxf4
Nh5 16. Bd2 Bg4 17. Rf1 Ne5 18. Nf3 Qd7 19. Nf4 Nxf4 20. Bxf4 Bd6 21. Bxe5 Bxf3
22. Rxf3 Bxe5 23. Qd2 Kg7 24. Raf1 Re7 25. b3 b5 26. Ra1 Ra7 27. Qg5 f6 28. Qd2
Rc7 29. axb5 axb5 30. Ra5 c4 31. dxc4 bxc4 32. Bf1 cxb3 33. cxb3 Qc6 34. Qe2
Qb6 35. Rb5 Qa7 36. Kg2 Rc1 37. Qd2 Rec7 38. Bc4 Qa1 39. Kh3 Rc3 40. Rf1 Qa8
41. Rd5 Qb8 42. Ra1 Qc8+ 43. Kg2 Qg4 44. Bd3 Rxb3 45. Ra8 Rcb7 46. Rdd8 g5 47.
Rg8+ Kh6 48. Ra2 Rc3 49. Rh8 Qe6 50. h4 Rxd3 0-1

[Event "Fall TNM"]
[Site "San Francisco"]
[Date "2005.12.20"]
[Round "8"]
[White "Todortsev, Victor"]
[Black "Kleiman, Charles"]
[Result "1/2-1/2"]
[WhiteElo "1958"]
[BlackElo "1883"]
[PlyCount "87"]
[EventDate "2005.11.01"]
[EventType "swiss"]
[EventRounds "8"]
[EventCountry "USA"]

1. c4 e5 2. Nc3 Nf6 3. g3 d6 4. Bg2 c6 5. d4 Be7 6. e3 O-O 7. Nge2 Be6 8. b3
Nh5 9. O-O f5 10. f4 exf4 11. Nxf4 Nxf4 12. exf4 Bf7 13. Qd3 a5 14. Bb2 Na6 15.
a3 Bf6 16. Rad1 Qd7 17. Na4 Rae8 18. d5 Bxb2 19. dxc6 bxc6 20. Nxb2 Rd8 21. Na4
Rfe8 22. Rd2 Qa7+ 23. Kh1 Re3 24. Qxf5 Rxb3 25. Rxd6 Rf8 26. Rd7 Rb7 27. Rfd1
Bxc4 28. Qg4 g6 29. Bxc6 Rxd7 30. Bxd7 Qe3 31. Kg2 Bb3 32. Rd6 Bxa4 33. Be6+
Kh8 34. Rxa6 Rb8 35. Qg5 Qd2+ 36. Kh3 Qd4 37. Rxa5 Bc6 38. Rc5 Bf3 39. Re5 Qd8
40. Re3 Qxg5 41. fxg5 Bc6 42. Bg4 Rb2 43. Bf3 Bd7+ 44. g4 1/2-1/2

[Event "Fall TNM"]
[Site "San Francisco"]
[Date "2005.12.20"]
[Round "8"]
[White "Wilkerson, Max"]
[Black "Kastor, Mark"]
[Result "1/2-1/2"]
[WhiteElo "1900"]
[BlackElo "1667"]
[PlyCount "33"]
[EventDate "2005.11.01"]
[EventType "swiss"]
[EventRounds "8"]
[EventCountry "USA"]

1. d4 d5 2. Nf3 Nf6 3. c4 e6 4. Nc3 Be7 5. Bf4 O-O 6. e3 Nbd7 7. Be2 c5 8. cxd5
exd5 9. dxc5 Nxc5 10. O-O a6 11. Nd4 Nce4 12. Rc1 h6 13. Na4 Bd6 14. Bxd6 Qxd6
15. f3 Ng5 16. Qb3 b5 17. Nc5 {draw agreed} 1/2-1/2

[Event "Fall TNM"]
[Site "San Francisco"]
[Date "2005.12.20"]
[Round "8"]
[White "Woebcke, Carl"]
[Black "Chan, John"]
[Result "0-1"]
[WhiteElo "1718"]
[BlackElo "1613"]
[PlyCount "106"]
[EventDate "2005.11.01"]
[EventType "swiss"]
[EventRounds "8"]
[EventCountry "USA"]

1. e4 c5 2. Nf3 d6 3. d4 cxd4 4. Nxd4 Nf6 5. Nc3 a6 6. Bc4 h6 7. f4 Bg4 8. Qd3
Nbd7 9. h3 Nc5 10. Qe3 e5 11. hxg4 exd4 12. Qxd4 Nxg4 13. Bd2 Rc8 14. f5 Ne5
15. O-O-O b5 16. Be2 Qf6 17. Bf4 Nc4 18. Bxc4 Qxd4 19. Rxd4 bxc4 20. Bxd6 Bxd6
21. Rxd6 Ke7 22. e5 Rhe8 23. Nd5+ Kf8 24. Nb6 Rb8 25. Nxc4 Ne4 26. Rd7 Ng3 27.
Rhd1 Nxf5 28. g4 Ng3 29. R1d3 Ne4 30. Re3 Nc5 31. Rd5 Ne6 32. Nd6 Re7 33. Ra3
Nf4 34. Rda5 Rd8 35. Rf3 g5 36. c4 Ne2+ 37. Kd2 Nd4 38. Rd3 Nc6 39. Nf5 Rxd3+
40. Kxd3 Rd7+ 41. Rd5 Nb4+ 42. Ke4 Nxd5 43. cxd5 Rb7 44. b3 Rb4+ 45. Ke3 Rxg4
46. d6 Ke8 47. Nxh6 Rf4 48. Ng8 a5 49. Nf6+ Kd8 50. Nd5 Rh4 51. Kf3 Rd4 52. Ne3
Kd7 53. Nf5 Rf4+ 0-1

[Event "Fall TNM"]
[Site "San Francisco"]
[Date "2005.12.20"]
[Round "8"]
[White "Yamamoto, Craig"]
[Black "Rudyak, Felix"]
[Result "0-1"]
[WhiteElo "1577"]
[BlackElo "1847"]
[PlyCount "34"]
[EventDate "2005.11.01"]
[EventType "swiss"]
[EventRounds "8"]
[EventCountry "USA"]

1. e4 e6 2. d4 d5 3. Nc3 dxe4 4. Nxe4 Bd7 5. Nf3 Bc6 6. Bd3 Nd7 7. Bf4 Ngf6 8.
Bg5 Be7 9. Ned2 Nd5 10. Bxe7 Qxe7 11. c3 Nf4 12. Bf1 O-O-O 13. g3 Ng6 14. h4 e5
15. h5 exd4+ 16. Qe2 dxc3 17. Qxe7 cxd2+ 0-1

[Event "Carroll Capps"]
[Site "San Francisco"]
[Date "2005.11.05"]
[Round "1"]
[White "Chan, John"]
[Black "Vayntrub, Dmitry"]
[Result "0-1"]
[WhiteElo "1613"]
[BlackElo "2075"]
[PlyCount "94"]
[EventDate "2005.11.05"]
[EventType "swiss"]
[EventRounds "6"]
[EventCountry "USA"]

1. c4 c5 2. Nc3 Nc6 3. g3 g6 4. Bg2 Bg7 5. Nf3 e6 6. e4 Nge7 7. O-O O-O 8. Re1
d6 9. a4 b6 10. Rb1 Bb7 11. d3 Qd7 12. Be3 Rac8 13. Nb5 a6 14. Nc3 Rfd8 15. Bh3
Qc7 16. Ng5 h6 17. Nf3 Rb8 18. Qd2 Kh7 19. Bg2 Ne5 20. Rf1 N7c6 21. Ne1 Ng4 22.
Ne2 Rbc8 23. Bh3 Nxe3 24. fxe3 Rf8 25. Nf4 Qe7 26. Bg2 Ba8 27. Nf3 Nb4 28. Nh3
d5 29. cxd5 exd5 30. exd5 Bxd5 31. e4 Bc6 32. Nf4 Bxa4 33. Nd5 Nxd5 34. exd5
Qd7 35. Rbe1 Qxd5 36. Ne5 Qd4+ 37. Kh1 Bxe5 38. Re4 Qxb2 39. Qxb2 Bxb2 40. Rxa4
a5 41. Rb1 Bc3 42. Rxb6 Rb8 43. Rxb8 Rxb8 44. Bd5 f5 45. Kg2 Rb2+ 46. Kh3 g5
47. Rc4 g4+ 0-1

[Event "Carroll Capps"]
[Site "San Francisco"]
[Date "2005.11.05"]
[Round "1"]
[White "Da Cruz, Michael"]
[Black "Wanlass, Ken"]
[Result "1-0"]
[WhiteElo "1804"]
[BlackElo "276"]
[PlyCount "51"]
[EventDate "2005.11.05"]
[EventType "swiss"]
[EventRounds "6"]
[EventCountry "USA"]

1. e4 e5 2. Nf3 Nc6 3. Bc4 Bc5 4. O-O Nf6 5. d4 Nxd4 6. Nxe5 O-O 7. Be3 d6 8.
Nxf7 Rxf7 9. Bxd4 Qd7 10. Bxf7+ Qxf7 11. Bxc5 dxc5 12. Qd8+ Qf8 13. Qxc7 Nxe4
14. f3 Nf6 15. Rd1 Ne8 16. Qe5 Bf5 17. Nc3 g6 18. Ne4 Bxe4 19. fxe4 Qg7 20.
Qxc5 Qxb2 21. Rab1 Qxa2 22. Rxb7 Qe6 23. Rdd7 Qxe4 24. h3 Qa4 25. Qd5+ Kh8 26.
Rxh7# 1-0

[Event "Carroll Capps"]
[Site "San Francisco"]
[Date "2005.11.05"]
[Round "1"]
[White "De Guzman, Ricardo"]
[Black "Sowell, Nelson"]
[Result "1-0"]
[WhiteElo "2458"]
[BlackElo "1733"]
[PlyCount "81"]
[EventDate "2005.11.05"]
[EventType "swiss"]
[EventRounds "6"]
[EventCountry "USA"]

1. e4 Nf6 2. e5 Nd5 3. c4 Nb6 4. c5 Nd5 5. Nc3 Nxc3 6. bxc3 d6 7. cxd6 exd6 8.
Nf3 Bg4 9. h3 Bh5 10. Be2 Be7 11. Qb3 b6 12. exd6 Qxd6 13. Qb5+ Nd7 14. Qxh5
O-O 15. d4 c6 16. O-O Nf6 17. Qf5 Rfe8 18. Bf4 Qd5 19. Qxd5 Nxd5 20. Bd2 Ba3
21. Bc4 Bb2 22. Rab1 Ba3 23. Ne5 Rac8 24. Nxc6 Nxc3 25. Bxc3 Rxc6 26. Bb5 Rxc3
27. Bxe8 Rc8 28. Bb5 g6 29. Rfe1 Kg7 30. Re3 Bd6 31. g3 Rc2 32. Re2 Rc7 33.
Rbb2 h5 34. h4 Rc1+ 35. Kg2 Rd1 36. Red2 Ra1 37. Rbc2 Bb4 38. Re2 Rd1 39. Rc7
Kf6 40. Bc4 Rxd4 41. Rxf7# 1-0

[Event "Carroll Capps"]
[Site "San Francisco"]
[Date "2005.11.05"]
[Round "1"]
[White "Kitano, Hugo"]
[Black "Sanguinetti, George"]
[Result "0-1"]
[WhiteElo "1545"]
[BlackElo "1941"]
[PlyCount "96"]
[EventDate "2005.11.05"]
[EventType "swiss"]
[EventRounds "6"]
[EventCountry "USA"]

1. e4 c5 2. d4 cxd4 3. c3 dxc3 4. Nxc3 e6 5. Nf3 a6 6. Bc4 Nc6 7. O-O Nge7 8.
Bg5 h6 9. Bh4 g5 10. Bg3 Ng6 11. Qe2 Be7 12. Rfd1 h5 13. Bd6 g4 14. Ne1 Bxd6
15. Rxd6 Nce5 16. Bb3 Qg5 17. Rad1 Nf4 18. Qe3 Rg8 19. Na4 h4 20. Nb6 Rb8 21.
Rc1 Ne2+ 22. Qxe2 Qxc1 23. Ba4 Nf3+ 24. Kf1 Nxh2+ 25. Kg1 Nf3+ 26. Kf1 Qxe1+
27. Qxe1 Nxe1 28. Kxe1 h3 29. Ke2 h2 30. Rd1 Rh8 31. Rh1 Ke7 32. f3 g3 33. Ke3
Kf6 34. Kf4 Rg8 35. Bxd7 e5+ 36. Ke3 Kg5 37. Bxc8 Rbxc8 38. Nxc8 Rxc8 39. Kd3
Kf4 40. a3 b5 41. b3 a5 42. Re1 b4 43. axb4 axb4 44. Rb1 Rc3+ 45. Kd2 Rxb3 46.
Re1 Rb2+ 47. Kd3 Rxg2 48. Rf1 Rf2 0-1

[Event "Carroll Capps"]
[Site "San Francisco"]
[Date "2005.11.05"]
[Round "1"]
[White "McDaniel, Keith"]
[Black "Parker, Harold"]
[Result "1-0"]
[WhiteElo "1951"]
[BlackElo "1547"]
[PlyCount "34"]
[EventDate "2005.11.05"]
[EventType "swiss"]
[EventRounds "6"]
[EventCountry "USA"]

1. d4 d5 2. Nf3 Nf6 3. c4 e6 4. g3 Be7 5. Bg2 O-O 6. O-O Nbd7 7. Nc3 b6 8. cxd5
exd5 9. Qa4 Bb7 10. Ne5 c5 11. Nxd7 Nxd7 12. Nxd5 Bxd5 13. Bxd5 Rc8 14. Bc6 Nb8
15. Bf3 Qxd4 16. Qxa7 Nd7 17. Be3 Ra8 1-0

[Event "Carroll Capps"]
[Site "San Francisco"]
[Date "2005.11.05"]
[Round "1"]
[White "Mohan, Vijay"]
[Black "Naroditsky, Daniel"]
[Result "0-1"]
[WhiteElo "1355"]
[BlackElo "1860"]
[PlyCount "66"]
[EventDate "2005.11.05"]
[EventType "swiss"]
[EventRounds "6"]
[EventCountry "USA"]

1. e4 c5 2. Nc3 d6 3. f4 Nf6 4. Nf3 e6 5. g3 Be7 6. Bg2 O-O 7. d3 Nc6 8. O-O a6
9. h3 Rb8 10. g4 b5 11. f5 exf5 12. exf5 d5 13. Re1 b4 14. Ne2 h6 15. Kh1 Bd6
16. Bf4 Re8 17. Qd2 Bb7 18. Bxd6 Qxd6 19. Qf4 Qd7 20. d4 Re4 21. Qd2 c4 22. Ng3
Qd6 23. Nxe4 Nxe4 24. Rxe4 dxe4 25. Nh2 Qxd4 26. Qxd4 Nxd4 27. c3 Nf3 28. Rf1
Rd8 29. Nxf3 exf3 30. Bxf3 Rd1 31. Bxb7 Rxf1+ 32. Kg2 Rb1 33. Bxa6 Rxb2+ 0-1

[Event "Carroll Capps"]
[Site "San Francisco"]
[Date "2005.11.05"]
[Round "1"]
[White "Oza, Nikunj"]
[Black "Saguid, Vincent"]
[Result "1-0"]
[WhiteElo "1886"]
[BlackElo "1486"]
[PlyCount "57"]
[EventDate "2005.11.05"]
[EventType "swiss"]
[EventRounds "6"]
[EventCountry "USA"]

1. d4 Nf6 2. Nf3 g6 3. c3 d5 4. Bf4 Bg7 5. h3 O-O 6. e3 Nbd7 7. Nbd2 c5 8. Be2
cxd4 9. exd4 Re8 10. O-O Nf8 11. Re1 Ne6 12. Bh2 Nh5 13. Bd3 Nhf4 14. Bc2 Bd7
15. Ne5 Bb5 16. Nf1 Rc8 17. Bxf4 Nxf4 18. Qf3 Bxe5 19. dxe5 Ne6 20. Bb3 Nc7 21.
Rad1 e6 22. Ne3 Rf8 23. Ng4 Qe7 24. Nf6+ Kh8 25. Rd4 Ne8 26. Rh4 Nxf6 27. exf6
Qd8 28. Qf4 h5 29. Qh6+ 1-0

[Event "Carroll Capps"]
[Site "San Francisco"]
[Date "2005.11.05"]
[Round "1"]
[White "Salvo, Tab"]
[Black "Zavadsky, Peter"]
[Result "0-1"]
[WhiteElo "1712"]
[BlackElo "2202"]
[PlyCount "116"]
[EventDate "2005.11.05"]
[EventType "swiss"]
[EventRounds "6"]
[EventCountry "USA"]

1. Nf3 d5 2. c4 c6 3. b3 Bg4 4. g3 Bxf3 5. exf3 Nf6 6. Bg2 Nbd7 7. Bb2 e6 8.
O-O Bd6 9. d4 O-O 10. c5 Bc7 11. f4 b6 12. b4 a5 13. a3 b5 14. Nd2 Qb8 15. Re1
Qb7 16. Qc2 Rfe8 17. Nf3 Ne4 18. Ne5 Nef6 19. Bf3 Nf8 20. Kg2 Ng6 21. h4 Ra6
22. h5 Ne7 23. g4 Rea8 24. Bc3 axb4 25. axb4 Bxe5 26. fxe5 Ne4 27. Rxa6 Rxa6
28. Bxe4 dxe4 29. Rxe4 Qa8 30. Re2 Nd5 31. Bd2 Ra2 32. Qe4 Qa4 33. Bg5 Rxe2 34.
Qxe2 Nxb4 35. h6 Qa2 36. Qf3 Qd5 37. hxg7 Kxg7 38. Qxd5 Nxd5 39. Kf1 Kg6 40.
Bd2 f6 41. Ke2 f5 42. f3 h5 43. gxh5+ Kxh5 44. Kf2 Kh4 45. Be1 Kh3 46. Bd2 b4
47. Ke2 Kg2 48. f4 Kg3 49. Kd3 b3 50. Bc1 Kf3 51. Kc4 Ke4 52. Ba3 Nxf4 53. Kxb3
Kxd4 54. Bb2+ Kxc5 55. Kc2 Kd5 56. Kd2 Ng6 57. Ke3 Nxe5 58. Kf2 Nd3+ 0-1

[Event "Carroll Capps"]
[Site "San Francisco"]
[Date "2005.11.05"]
[Round "1"]
[White "Shankland, Sam"]
[Black "Boyd, Thomas"]
[Result "1-0"]
[WhiteElo "2001"]
[BlackElo "1595"]
[PlyCount "54"]
[EventDate "2005.11.05"]
[EventType "swiss"]
[EventRounds "6"]
[EventCountry "USA"]

1. e4 e5 2. Nf3 Nf6 3. Bc4 Nc6 4. Ng5 d5 5. exd5 Nxd5 6. d4 e4 7. Nxf7 Kxf7 8.
Qh5+ Ke6 9. Nc3 Bb4 10. Bg5 Qe8 11. Bxd5+ Kd6 12. Bf4+ Ke7 13. Qh4+ Kd7 14.
Qg4+ Kd8 15. Qxg7 Bxc3+ 16. bxc3 Bd7 17. Rb1 Kc8 18. O-O Qf8 19. Qxf8+ Rxf8 20.
Bg3 Bf5 21. Rfe1 Re8 22. Re3 Na5 23. Rb5 c6 24. Rxa5 cxd5 25. Rxd5 Bg6 26. Re5
Rd8 27. Re7 b6 {and B resigned a few moves later} 1-0

[Event "Carroll Capps"]
[Site "San Francisco"]
[Date "2005.11.05"]
[Round "1"]
[White "Shipman, Walter"]
[Black "Woebcke, Carl"]
[Result "1-0"]
[WhiteElo "2208"]
[BlackElo "1718"]
[PlyCount "59"]
[EventDate "2005.11.05"]
[EventType "swiss"]
[EventRounds "6"]
[EventCountry "USA"]

1. d4 d5 2. c4 e6 3. Nf3 Nf6 4. g3 c6 5. Qc2 dxc4 6. Qxc4 Nbd7 7. Bg2 Nb6 8.
Qc2 Be7 9. O-O O-O 10. e4 Bd7 11. Nc3 Rc8 12. e5 Nfd5 13. Ne4 h6 14. Nc5 Rc7
15. Bd2 Bc8 16. Rac1 Nd7 17. Ne4 b6 18. Qa4 h5 {(touched)} 19. Rxc6 Nb8 20.
Rxc7 Qxc7 21. Rc1 Qb7 22. Bg5 Bd7 23. Qd1 Nc6 24. Bxe7 Ncxe7 25. Nfg5 g6 26.
Nf6+ Kg7 27. Nxh5+ Kh6 28. Nf6 Bc6 29. Qg4 Nxf6 30. exf6 1-0